000 01031nam a2200229Ia 4500
003 Ost
005 20260507074900.0
008 260507s9999||||xx |||||||||||||| ||und||
020 _a9957180584
040 _cfsecg
041 _aara
082 _a658
100 _aياسين، سعد غالب
_eمؤلف
245 0 _aنظم مساندة القرارات /
_c سعد غالب ياسين
260 _aعمان:
_bدار المناهج للنشر والتوزيع,
_c2006
300 _a352 صفحة؛
_bإيضاحات ؛
_c25 سم
504 _aالملاحق ص.297
520 _aتحليل مفهوم نظم مساندة القرارات، هيكل نظم مساندة القرارات، أنواع نظم مساندة القرارات، نظم الدعم الذكي للقرارات، نظم دعم قرارات الأعمال الإلكترونية، تصميم نظم مساندة القرارات
653 _aإتخاذ القرارات- الإدارة
653 _aإدارة الأعمال
942 _cكتاب
999 _c41648
_d41648